Kto Zagrał na Euro 2024? #22: HOLANDIA - Statystyki

Ogólne statystyki
  • Ten quiz został rozwiązany 54 razy
  • Średni wynik to 8 z 11
Statystyki odpowiedzi
Pozycja Klub Zawodnik % Poprawnych
N Atletico Memphis Depay
98%
ŚO Liverpool Virgil van Dijk
94%
LS Liverpool Cody Gakpo
88%
PS Lipsk Xavi Simons
86%
PO Inter Denzel Dumfries
82%
LO Man City Nathan Ake
78%
ŚO Inter Stefan de Vrij
76%
ŚP Milan Tijjani Reijnders
58%
BR Brighton Bert Verbruggen
52%
ŚPD PSV Jerdy Schouten
44%
ŚP PSV Joey Veerman
24%
Nie znaleziono quizów pasujących do podanych kryteriów
Rozkład punktacji
Procent ludzi z każdym wynikiem
Percentyl według liczby udzielonych odpowiedzi
Twoja historia wyników
Nie rozwiązałeś tego quizu